skbl

Dr Suryya Kumar Bhuyan Library Web-OPAC
ডঃ সূৰ্য্য
কুমাৰ ভূঞা পুথিভঁৰাল ৱেব-অ'পেক

All Research Scholars are advised to clear the annual library fees to continue using Library Resources, Remote Access, Plagiarism Test and Library Clearance.

Cotton University Book Fair 2026

Introduction to Psychology (Record no. 66316)

MARC details
000 -LEADER
fixed length control field 00434nam a2200157Ia 4500
001 - CONTROL NUMBER
control field 65216
008 - FIXED-LENGTH DATA ELEMENTS--GENERAL INFORMATION
fixed length control field 220305n1975 ii |||gr||||Z||||||465
082 ## - DEWEY DECIMAL CLASSIFICATION NUMBER
Classification number 150
100 ## - MAIN ENTRY--PERSONAL NAME
Personal name Hillgard,E.R. ,
Relator term Author.
245 #0 - TITLE STATEMENT
Title Introduction to Psychology
Statement of responsibility, etc. E.R. Hillgard
Medium Textual Documents
250 ## - EDITION STATEMENT
Edition statement 6th.
260 ## - PUBLICATION, DISTRIBUTION, ETC.
Place of publication, distribution, etc. New Delhi
Name of publisher, distributor, etc. Oxford & IBH Publishing Co.Pvt. Ltd.
Date of publication, distribution, etc. 1975
300 ## - PHYSICAL DESCRIPTION
Extent 658p.:
Dimensions 24cm.
653 ## - INDEX TERM--UNCONTROLLED
Uncontrolled term Psychology
942 ## - ADDED ENTRY ELEMENTS (KOHA)
Source of classification or shelving scheme Dewey Decimal Classification
Koha item type Books
Holdings
Withdrawn status Lost status Damaged status Not for loan Collection Home library Current library Shelving location Date acquired Source of acquisition Coded location qualifier Cost, normal purchase price Total checkouts Full call number Barcode Date due Date last seen Date last checked out Copy number Price effective from Koha item type Public note
          Dr. Suryya Kumar Bhuyan Library Dr. Suryya Kumar Bhuyan Library   05/03/2022 07 00000 750.00 1 150 HIL 3958/CU/PSY 16/03/2026 23/02/2026 23/02/2026 1 05/03/2022 Books 07

Designed and Maintained by Team SKBL
©1901-2026

Powered by Koha